Civic Insecurity : (Record no. 92331)

MARC details
000 -LEADER
fixed length control field 02255nam a2200253Ii 4500
008 - FIXED-LENGTH DATA ELEMENTS--GENERAL INFORMATION
fixed length control field 221202s xx 000 0 und d
100 1# - MAIN ENTRY--PERSONAL NAME
Personal name Luker, Vicki,
Relator term author
245 #0 - TITLE STATEMENT
Title Civic Insecurity :
Remainder of title Law, Order and HIV in Papua New Guinea
264 #1 - PRODUCTION, PUBLICATION, DISTRIBUTION, MANUFACTURE, AND COPYRIGHT NOTICE
Place of production, publication, distribution, manufacture Canberra
Name of producer, publisher, distributor, manufacturer ANU Press
Date of production, publication, distribution, manufacture, or copyright notice 2010
300 ## - PHYSICAL DESCRIPTION
Extent 1 online resource (338 pages)
336 ## - CONTENT TYPE
Content type term text
Content type code txt
Source rdacontent
337 ## - MEDIA TYPE
Media type term computer
Media type code c
Source rdamedia
338 ## - CARRIER TYPE
Carrier type term online resource
Carrier type code cr
Source rdacarrier
490 ## - SERIES STATEMENT
Series statement Studies in State and Society in the Pacific
Volume/sequential designation 6
520 ## - SUMMARY, ETC.
Summary, etc. Papua New Guinea has a complex 'law and order' problem and an entrenched epidemic of HIV. This book explores their interaction. It also probes their joint challenges and opportunities-most fundamentally for civic security, a condition that could offersome immunity to both. This book is a valuable and timely contribution to a limited but growing body of scholarship in the social and structural contexts of HIV epidemiology in Papua New Guinea. The volume offers a unique collection of interdisciplinary insights on the connections between law and order and the HIV epidemic and is presented in a manner accessible to a wide audience, scholars and lay people alike... Significantly, this is the first volume to critically examine the complex and inexorable links between HIV, gender, violence, and security within a theoretical framework thv at illuminates the challenges of the epidemic for PNG's future cohesion and stability as a young nation...The importance of this courageous book cannot be overstated. While it communicates an urgent and potent message about the need for immediate action ... it offers insightful reflections on the processes and possibilities of social transformation that undoubtedly will have enduring scholarly and practical value. Dr Katherine Lepani, Social Foundations of Medicine, The Australian National University.
653 ## - INDEX TERM--UNCONTROLLED
Uncontrolled term Aids
653 ## - INDEX TERM--UNCONTROLLED
Uncontrolled term Law Enforcement
653 ## - INDEX TERM--UNCONTROLLED
Uncontrolled term Papua New Guinea
653 ## - INDEX TERM--UNCONTROLLED
Uncontrolled term Politics And Goverment
653 ## - INDEX TERM--UNCONTROLLED
Uncontrolled term Social Conditions
700 1# - ADDED ENTRY--PERSONAL NAME
Personal name Dinnen, Sinclair
856 ## - ELECTRONIC LOCATION AND ACCESS
Uniform Resource Identifier <a href="https://docs.google.com/spreadsheets/d/1yKIrdCPDAG_9c22mwoOIO2DOhtj65Wqa/edit?usp=sharing&ouid=106555315294820607512&rtpof=true&sd=true ">https://docs.google.com/spreadsheets/d/1yKIrdCPDAG_9c22mwoOIO2DOhtj65Wqa/edit?usp=sharing&ouid=106555315294820607512&rtpof=true&sd=true </a>
Link text List of Curated E-Books
942 ## - ADDED ENTRY ELEMENTS (KOHA)
Koha item type E-Book

No items available.

University of Rizal System
Email us at univlibservices@urs.edu.ph

Visit our Website www.urs.edu.ph/library